| 000 | 00676nam a22001817a 4500 | ||
|---|---|---|---|
| 005 | 20251108164211.0 | ||
| 008 | 250721s1981 xx 000 0 ara d | ||
| 082 | 1 | 4 | _a301,426/صال |
| 100 | 1 | _aصالح، حسن عبد القادر | |
| 245 | 1 | 0 |
_aضبط النسل : _bأبعاده و أثاره الديمغرافية و الإقتصادية و الإجتماعية / |
| 264 | 1 |
_aالكويت : _bجامعة الكويت : الجمعية الجغرافية الكويتية، _c1981. |
|
| 300 | _a54ص | ||
| 490 | 0 | _aنشرة دورية محكمةتعني ... ؛ 29 | |
| 650 | 1 | 7 | _aالأسرة |
| 650 | 1 | 7 | _aتحديد النسل |
| 942 |
_2ddc _cBK |
||
| 999 |
_c6185 _d6185 |
||